| 000 | 00775nam a2200241 i 4500 | ||
|---|---|---|---|
| 001 | bg | ||
| 100 | 1 | _aEVANS, Virginia. | |
| 245 | 1 | 0 |
_aListening & speaking skills 1 for the revised Cambridge proficiency exam : _bteacher's book / _cVirginia Evans, Sally Scott. |
| 260 |
_aBerkshire : _bExpress Publ., _c2002. |
||
| 300 |
_a136 s. : _bil. ; _c28 cm. |
||
| 650 | 9 |
_aJęzyk angielski _xnauczanie |
|
| 650 | 9 | _aEgzaminy | |
| 655 | _aPodręczniki | ||
| 700 | 1 | _aSCOTT, Sally | |
| 020 | _a1843255413 (Teacher's book) | ||
| 040 | _cBPK | ||
| 041 | 0 | _aeng | |
| 080 | _a811.111(07)(076):371.27:378.244 | ||
| 920 | _a1-84325-541-3 (Teacher's book) | ||
| 942 | _cKS | ||
| 008 | s pl f |000 0 pol | ||
| 999 |
_c44849 _d44849 |
||